[Event "Russian Rapid Team Championship (m)"]
[Site "Sochi"]
[Date "2022.10.19"]
[Round "7.4"]
[White "Remizov, Yaroslav"]
[Black "Vastrukhin, Oleg"]
[Result "0-1"]
[BlackElo "2358"]
[WhiteElo "2355"]
[LiveChessVersion "1.4.8"]

1. e4 {[%clk 0:15:17]} e6 {[%clk 0:15:03]} 2. d4 {[%clk 0:15:21]} d5
{[%clk 0:15:11]} 3. Nc3 {[%clk 0:15:29]} Bb4 {[%clk 0:15:16]} 4. e5
{[%clk 0:15:36]} c5 {[%clk 0:15:23]} 5. a3 {[%clk 0:15:43]} Bxc3+
{[%clk 0:15:31]} 6. bxc3 {[%clk 0:15:51]} Nc6 {[%clk 0:15:38]} 7. Qg4
{[%clk 0:15:02]} g6 {[%clk 0:15:46]} 8. Nf3 {[%clk 0:12:59]} Bd7 {[%clk 0:15:18]}
9. Be2 {[%clk 0:12:31]} Qa5 {[%clk 0:15:12]} 10. Bd2 {[%clk 0:12:13]} c4
{[%clk 0:14:27]} 11. Qf4 {[%clk 0:11:40]} h6 {[%clk 0:13:16]} 12. O-O
{[%clk 0:10:20]} g5 {[%clk 0:12:40]} 13. Qg4 {[%clk 0:10:09]} O-O-O
{[%clk 0:12:43]} 14. Qh5 {[%clk 0:09:13]} Nge7 {[%clk 0:08:35]} 15. Qxf7
{[%clk 0:08:55]} Rdf8 {[%clk 0:08:29]} 16. Qh5 {[%clk 0:08:55]} Rfg8
{[%clk 0:08:14]} 17. g4 {[%clk 0:05:50]} Be8 {[%clk 0:04:49]} 18. Qh3
{[%clk 0:05:59]} Bg6 {[%clk 0:04:57]} 19. Ra2 {[%clk 0:03:18]} Be4
{[%clk 0:05:03]} 20. Rd1 {[%clk 0:01:30]} Rf8 {[%clk 0:05:10]} 21. Ne1
{[%clk 0:01:32]} Qb6 {[%clk 0:02:31]} 22. Qg3 {[%clk 0:01:32]} Rf7
{[%clk 0:02:04]} 23. f3 {[%clk 0:01:15]} Bg6 {[%clk 0:01:50]} 24. Ng2
{[%clk 0:01:22]} Rhf8 {[%clk 0:01:30]} 25. h4 {[%clk 0:01:27]} gxh4
{[%clk 0:00:44]} 26. Nxh4 {[%clk 0:01:34]} h5 {[%clk 0:00:53]} 27. Bg5
{[%clk 0:00:33]} hxg4 {[%clk 0:00:51]} 28. fxg4 {[%clk 0:00:42]} Be4
{[%clk 0:00:59]} 29. Bf6 {[%clk 0:00:46]} Ng8 {[%clk 0:00:21]} 30. g5
{[%clk 0:00:52]} Nxf6 {[%clk 0:00:30]} 31. exf6 {[%clk 0:00:35]} e5
{[%clk 0:00:14]} 32. Bg4+ {[%clk 0:00:24]} Kb8 {[%clk 0:00:23]} 33. Rf1
{[%clk 0:00:15]} Ka8 {[%clk 0:00:19]} 34. Be6 {[%clk 0:00:12]} Nxd4
{[%clk 0:00:19]} 35. cxd4 {[%clk 0:00:22]} Qxe6 {[%clk 0:00:25]} 36. dxe5
{[%clk 0:00:30]} Rh7 {[%clk 0:00:15]} 37. c3 {[%clk 0:00:17]} Qb6+
{[%clk 0:00:19]} 38. Raf2 {[%clk 0:00:13]} Rfh8 {[%clk 0:00:28]} 39. f7
{[%clk 0:00:21]} a5 {[%clk 0:00:11]} 40. f8=Q+ {[%clk 0:00:15]} Rxf8
{[%clk 0:00:20]} 41. g6 {[%clk 0:00:17]} Rg7 {[%clk 0:00:24]} 42. Kh2
{[%clk 0:00:22]} Rxf2+ {[%clk 0:00:15]} 43. Rxf2 {[%clk 0:00:31]} Bxg6
{[%clk 0:00:16]} 44. Rf8+ {[%clk 0:00:12]} Ka7 {[%clk 0:00:25]} 45. Rf6
{[%clk 0:00:13]} Qb2+ {[%clk 0:00:25]} 46. Rf2 {[%clk 0:00:13]} Qb6
{[%clk 0:00:30]} 47. Rf6 {[%clk 0:00:18]} Qb2+ {[%clk 0:00:30]} 48. Rf2
{[%clk 0:00:26]} Qb1 {[%clk 0:00:26]} 49. Qe3+ {[%clk 0:00:20]} b6
{[%clk 0:00:35]} 50. Rg2 {[%clk 0:00:19]} Rh7 {[%clk 0:00:40]} 51. Qf4
{[%clk 0:00:11]} Qe4 {[%clk 0:00:26]} 52. Qxe4 {[%clk 0:00:15]} Bxe4
{[%clk 0:00:35]} 53. Rg4 {[%clk 0:00:25]} b5 {[%clk 0:00:37]} 54. Kg3
{[%clk 0:00:33]} b4 {[%clk 0:00:45]} 55. axb4 {[%clk 0:00:29]} axb4
{[%clk 0:00:49]} 56. cxb4 {[%clk 0:00:38]} c3 {[%clk 0:00:58]} 57. Rf4
{[%clk 0:00:47]} c2 {[%clk 0:01:02]} 58. Rf1 {[%clk 0:00:57]} d4 {[%clk 0:01:07]}
59. Nf3 {[%clk 0:00:50]} Bxf3 {[%clk 0:01:13]} 60. Ra1+ {[%clk 0:01:00]} Kb6
{[%clk 0:01:17]} 61. Kxf3 {[%clk 0:01:09]} Kb5 {[%clk 0:01:14]} 62. Rc1
{[%clk 0:00:13]} d3 {[%clk 0:01:19]} 63. Ke3 {[%clk 0:00:22]} Kc4
{[%clk 0:01:28]} 64. e6 {[%clk 0:00:19]} Rh2 {[%clk 0:01:08]} 0-1

[Event "Russian Rapid Team Championship (m)"]
[Site "Sochi"]
[Date "2022.10.19"]
[Round "7.5"]
[White "Malakhov, Vladimir"]
[Black "Tomashevsky, Evgeny"]
[Result "1/2-1/2"]
[BlackElo "2631"]
[WhiteElo "2670"]
[LiveChessVersion "1.4.8"]

1. e4 {[%clk 0:15:18]} e5 {[%clk 0:15:19]} 2. Nf3 {[%clk 0:15:26]} Nc6
{[%clk 0:15:28]} 3. Bc4 {[%clk 0:15:33]} Nf6 {[%clk 0:15:35]} 4. d3
{[%clk 0:15:42]} Bc5 {[%clk 0:15:44]} 5. O-O {[%clk 0:15:47]} d6 {[%clk 0:15:52]}
6. c3 {[%clk 0:15:47]} a5 {[%clk 0:15:52]} 7. Re1 {[%clk 0:15:10]} O-O
{[%clk 0:15:55]} 8. h3 {[%clk 0:15:10]} h6 {[%clk 0:15:44]} 9. Nbd2
{[%clk 0:14:48]} Be6 {[%clk 0:15:49]} 10. Bb5 {[%clk 0:14:25]} Nd7
{[%clk 0:14:56]} 11. Nf1 {[%clk 0:14:28]} d5 {[%clk 0:15:02]} 12. exd5
{[%clk 0:14:12]} Bxd5 {[%clk 0:15:07]} 13. Ne3 {[%clk 0:14:13]} 1/2-1/2

[Event "Russian Rapid Team Championship (m)"]
[Site "Sochi"]
[Date "2022.10.19"]
[Round "7.6"]
[White "Chigaev, Maksim"]
[Black "Zvjaginsev, Vadim"]
[Result "1/2-1/2"]
[BlackElo "2498"]
[WhiteElo "2540"]
[LiveChessVersion "1.4.8"]

1. e4 {[%clk 0:15:17]} c5 {[%clk 0:15:17]} 2. Nf3 {[%clk 0:15:24]} Nc6
{[%clk 0:15:25]} 3. Bb5 {[%clk 0:15:32]} Nf6 {[%clk 0:15:34]} 4. Bxc6
{[%clk 0:13:48]} dxc6 {[%clk 0:15:41]} 5. d3 {[%clk 0:13:56]} h6 {[%clk 0:15:23]}
6. h3 {[%clk 0:13:51]} g5 {[%clk 0:15:25]} 7. Be3 {[%clk 0:13:21]} b6
{[%clk 0:15:14]} 8. Nc3 {[%clk 0:13:06]} Bg7 {[%clk 0:14:50]} 9. Qd2
{[%clk 0:12:45]} Be6 {[%clk 0:14:32]} 10. O-O-O {[%clk 0:12:20]} Qc7
{[%clk 0:14:12]} 11. Kb1 {[%clk 0:10:31]} O-O-O {[%clk 0:14:10]} 12. Qe2
{[%clk 0:09:06]} 1/2-1/2

[Event "Russian Rapid Team Championship (m)"]
[Site "Sochi"]
[Date "2022.10.19"]
[Round "7.7"]
[White "Grachev, Boris"]
[Black "Khegay, Dmitriy"]
[Result "1/2-1/2"]
[BlackElo "2486"]
[WhiteElo "2612"]
[LiveChessVersion "1.4.8"]

1. d4 {[%clk 0:15:18]} Nf6 {[%clk 0:15:18]} 2. c4 {[%clk 0:15:27]} e6
{[%clk 0:15:27]} 3. Nc3 {[%clk 0:15:35]} Bb4 {[%clk 0:15:36]} 4. e3
{[%clk 0:15:44]} O-O {[%clk 0:15:44]} 5. Bd3 {[%clk 0:15:44]} d5 {[%clk 0:15:52]}
6. a3 {[%clk 0:15:37]} Bxc3+ {[%clk 0:15:55]} 7. bxc3 {[%clk 0:15:45]} dxc4
{[%clk 0:16:03]} 8. Bxc4 {[%clk 0:15:54]} c5 {[%clk 0:16:12]} 9. Ne2
{[%clk 0:15:41]} Qc7 {[%clk 0:16:03]} 10. Bd3 {[%clk 0:15:42]} e5
{[%clk 0:15:42]} 11. O-O {[%clk 0:11:11]} Nc6 {[%clk 0:15:48]} 12. Ng3
{[%clk 0:07:59]} Be6 {[%clk 0:15:31]} 13. Bb2 {[%clk 0:06:09]} Rad8
{[%clk 0:15:19]} 14. Qc2 {[%clk 0:06:04]} h6 {[%clk 0:12:28]} 15. a4
{[%clk 0:05:46]} Rfe8 {[%clk 0:12:16]} 16. Bb5 {[%clk 0:05:21]} Bd7
{[%clk 0:07:59]} 17. Rfd1 {[%clk 0:04:26]} a6 {[%clk 0:07:57]} 18. Bxc6
{[%clk 0:03:37]} Bxc6 {[%clk 0:08:06]} 19. dxe5 {[%clk 0:03:32]} Qxe5
{[%clk 0:08:14]} 20. Rxd8 {[%clk 0:02:04]} Rxd8 {[%clk 0:08:22]} 21. Rd1
{[%clk 0:02:12]} Rxd1+ {[%clk 0:07:56]} 22. Qxd1 {[%clk 0:02:21]} c4
{[%clk 0:06:27]} 23. Qe2 {[%clk 0:02:19]} Qd5 {[%clk 0:05:51]} 24. e4
{[%clk 0:02:27]} Qd3 {[%clk 0:05:45]} 25. f3 {[%clk 0:02:25]} Qb1+
{[%clk 0:05:12]} 26. Kf2 {[%clk 0:02:29]} Bxa4 {[%clk 0:05:17]} 27. Qd2
{[%clk 0:02:11]} Nd7 {[%clk 0:05:02]} 28. Nf5 {[%clk 0:02:04]} Kh7
{[%clk 0:04:26]} 29. Ba3 {[%clk 0:02:00]} Ne5 {[%clk 0:03:35]} 30. Bf8
{[%clk 0:02:04]} Nd3+ {[%clk 0:02:35]} 31. Kg3 {[%clk 0:02:12]} Qb6
{[%clk 0:02:27]} 32. Bxg7 {[%clk 0:01:13]} Bd7 {[%clk 0:01:57]} 33. Bf8
{[%clk 0:00:46]} Qg6+ {[%clk 0:01:57]} 34. Kh4 {[%clk 0:00:45]} Bxf5
{[%clk 0:01:57]} 35. exf5 {[%clk 0:00:54]} Qf6+ {[%clk 0:01:44]} 36. Kg3
{[%clk 0:00:55]} Qg5+ {[%clk 0:01:21]} 37. Qxg5 {[%clk 0:01:03]} hxg5
{[%clk 0:01:30]} 38. f4 {[%clk 0:01:06]} Nxf4 {[%clk 0:01:26]} 39. Kf3
{[%clk 0:00:58]} Nd5 {[%clk 0:01:34]} 40. Ke4 {[%clk 0:01:00]} Nxc3+
{[%clk 0:01:38]} 41. Kd4 {[%clk 0:01:10]} Nd1 {[%clk 0:01:20]} 42. Be7
{[%clk 0:00:45]} Kh6 {[%clk 0:01:03]} 43. g4 {[%clk 0:00:34]} c3 {[%clk 0:00:48]}
44. Bf8+ {[%clk 0:00:29]} Kh7 {[%clk 0:00:48]} 45. Be7 {[%clk 0:00:27]} Nf2
{[%clk 0:00:39]} 46. Kxc3 {[%clk 0:00:22]} Nxg4 {[%clk 0:00:45]} 47. Bxg5
{[%clk 0:00:19]} Nxh2 {[%clk 0:00:35]} 48. Kc4 {[%clk 0:00:28]} Nf3
{[%clk 0:00:23]} 49. Bf6 {[%clk 0:00:33]} Kh6 {[%clk 0:00:17]} 50. Kc5
{[%clk 0:00:39]} Kh5 {[%clk 0:00:12]} 51. Kb6 {[%clk 0:00:14]} Ne1
{[%clk 0:00:14]} 52. Kxb7 {[%clk 0:00:18]} Kg4 {[%clk 0:00:16]} 53. Bc3
{[%clk 0:00:25]} Nd3 {[%clk 0:00:24]} 54. f6 {[%clk 0:00:20]} Nc5+
{[%clk 0:00:32]} 55. Kc6 {[%clk 0:00:24]} Ne4 {[%clk 0:00:38]} 56. Bb2
{[%clk 0:00:16]} Nd2 {[%clk 0:00:19]} 57. Bc3 {[%clk 0:00:17]} Nc4
{[%clk 0:00:23]} 58. Kc5 {[%clk 0:00:18]} Ne3 {[%clk 0:00:32]} 59. Bd4
{[%clk 0:00:16]} Nf5 {[%clk 0:00:18]} 60. Ba1 {[%clk 0:00:16]} Kg5
{[%clk 0:00:18]} 61. Kb6 {[%clk 0:00:24]} Nd6 {[%clk 0:00:27]} 62. Kxa6
{[%clk 0:00:31]} Ne4 {[%clk 0:00:36]} 63. Kb5 {[%clk 0:00:35]} Nxf6
{[%clk 0:00:45]} 64. Kc4 {[%clk 0:00:43]} Ng4 {[%clk 0:00:50]} 65. Kd3
{[%clk 0:00:47]} f5 {[%clk 0:00:56]} 66. Bb2 {[%clk 0:00:35]} Kf4
{[%clk 0:01:04]} 67. Ke2 {[%clk 0:00:43]} Ke4 {[%clk 0:01:11]} 68. Bc1
{[%clk 0:00:47]} Ne5 {[%clk 0:01:21]} 69. Bh6 {[%clk 0:00:45]} Nd3
{[%clk 0:01:25]} 70. Bd2 {[%clk 0:00:50]} Nf4+ {[%clk 0:01:29]} 71. Kf2
{[%clk 0:00:53]} Ne6 {[%clk 0:01:35]} 1/2-1/2

[Event "Russian Rapid Team Championship (m)"]
[Site "Sochi"]
[Date "2022.10.19"]
[Round "7.8"]
[White "Drygalov, Andrey"]
[Black "Popov, Ivan"]
[Result "1/2-1/2"]
[BlackElo "2616"]
[WhiteElo "2456"]
[LiveChessVersion "1.4.8"]

1. e4 {[%clk 0:15:18]} c6 {[%clk 0:15:19]} 2. d4 {[%clk 0:14:57]} d5
{[%clk 0:15:28]} 3. e5 {[%clk 0:15:06]} c5 {[%clk 0:15:36]} 4. dxc5
{[%clk 0:15:14]} e6 {[%clk 0:15:45]} 5. Nf3 {[%clk 0:15:09]} Bxc5
{[%clk 0:15:49]} 6. a3 {[%clk 0:15:16]} a6 {[%clk 0:15:50]} 7. Bd3
{[%clk 0:14:54]} Nc6 {[%clk 0:15:57]} 8. b4 {[%clk 0:14:33]} Ba7 {[%clk 0:16:05]}
9. Bb2 {[%clk 0:14:30]} Nge7 {[%clk 0:16:13]} 10. O-O {[%clk 0:14:35]} Ng6
{[%clk 0:16:18]} 11. Re1 {[%clk 0:12:31]} O-O {[%clk 0:15:43]} 12. c4
{[%clk 0:08:35]} 1/2-1/2

[Event "Russian Rapid Team Championship (m)"]
[Site "Sochi"]
[Date "2022.10.19"]
[Round "7.9"]
[White "Bocharov, Dmitry"]
[Black "Artemiev, Vladislav"]
[Result "0-1"]
[BlackElo "2710"]
[WhiteElo "2562"]
[LiveChessVersion "1.4.8"]

1. d4 {[%clk 0:15:18]} d5 {[%clk 0:15:08]} 2. c4 {[%clk 0:15:23]} e6
{[%clk 0:15:16]} 3. Nc3 {[%clk 0:15:27]} Nf6 {[%clk 0:15:17]} 4. Bg5
{[%clk 0:15:32]} Be7 {[%clk 0:15:05]} 5. e3 {[%clk 0:15:38]} h6 {[%clk 0:15:06]}
6. Bh4 {[%clk 0:15:39]} O-O {[%clk 0:15:03]} 7. Nf3 {[%clk 0:15:42]} Nbd7
{[%clk 0:15:11]} 8. cxd5 {[%clk 0:14:54]} exd5 {[%clk 0:15:05]} 9. Bd3
{[%clk 0:15:01]} c6 {[%clk 0:15:14]} 10. Qc2 {[%clk 0:14:40]} Re8
{[%clk 0:15:22]} 11. O-O {[%clk 0:14:43]} Ne4 {[%clk 0:15:29]} 12. Bxe7
{[%clk 0:13:19]} Qxe7 {[%clk 0:15:36]} 13. Rab1 {[%clk 0:13:28]} a5
{[%clk 0:11:59]} 14. a3 {[%clk 0:12:47]} Ndf6 {[%clk 0:10:07]} 15. b4
{[%clk 0:12:11]} Bf5 {[%clk 0:09:29]} 16. Ne5 {[%clk 0:07:58]} Nxc3
{[%clk 0:09:06]} 17. Qxc3 {[%clk 0:08:01]} Bxd3 {[%clk 0:09:14]} 18. Qxd3
{[%clk 0:07:02]} Ne4 {[%clk 0:09:20]} 19. Rfc1 {[%clk 0:04:58]} axb4
{[%clk 0:08:19]} 20. axb4 {[%clk 0:04:45]} Ra2 {[%clk 0:08:27]} 21. Rc2
{[%clk 0:03:24]} Rea8 {[%clk 0:08:36]} 22. Rxa2 {[%clk 0:01:58]} Rxa2
{[%clk 0:08:44]} 23. f3 {[%clk 0:02:06]} Qg5 {[%clk 0:07:58]} 24. Ng4
{[%clk 0:01:22]} h5 {[%clk 0:07:45]} 25. Rf1 {[%clk 0:00:33]} Nd2
{[%clk 0:07:41]} 26. Rd1 {[%clk 0:00:28]} Nxf3+ {[%clk 0:07:25]} 0-1

[Event "Russian Rapid Team Championship (m)"]
[Site "Sochi"]
[Date "2022.10.19"]
[Round "7.10"]
[White "Sjugirov, Sanan"]
[Black "Kezin, Roman"]
[Result "0-1"]
[BlackElo "2471"]
[WhiteElo "2609"]
[LiveChessVersion "1.4.8"]

1. d4 {[%clk 0:15:10]} d5 {[%clk 0:15:18]} 2. c4 {[%clk 0:15:12]} e6
{[%clk 0:15:27]} 3. Nc3 {[%clk 0:14:58]} c6 {[%clk 0:15:35]} 4. e3
{[%clk 0:14:13]} Nf6 {[%clk 0:15:42]} 5. Nf3 {[%clk 0:14:17]} Nbd7
{[%clk 0:15:48]} 6. Bd3 {[%clk 0:13:11]} dxc4 {[%clk 0:15:52]} 7. Bxc4
{[%clk 0:13:20]} b5 {[%clk 0:15:58]} 8. Bd3 {[%clk 0:13:28]} Bd6 {[%clk 0:16:05]}
9. O-O {[%clk 0:13:10]} O-O {[%clk 0:16:11]} 10. Bd2 {[%clk 0:12:46]} Bb7
{[%clk 0:15:53]} 11. Rc1 {[%clk 0:12:51]} Rc8 {[%clk 0:12:41]} 12. a3
{[%clk 0:12:56]} a5 {[%clk 0:12:20]} 13. e4 {[%clk 0:13:02]} e5 {[%clk 0:12:21]}
14. dxe5 {[%clk 0:13:09]} Nxe5 {[%clk 0:12:23]} 15. Nxe5 {[%clk 0:13:18]} Bxe5
{[%clk 0:12:32]} 16. Qe2 {[%clk 0:13:23]} Qe7 {[%clk 0:11:34]} 17. Rfd1
{[%clk 0:12:52]} Rfe8 {[%clk 0:08:20]} 18. f3 {[%clk 0:11:56]} h5
{[%clk 0:06:00]} 19. Be3 {[%clk 0:11:31]} h4 {[%clk 0:06:03]} 20. Qf2
{[%clk 0:11:17]} h3 {[%clk 0:02:17]} 21. g3 {[%clk 0:11:11]} Rcd8
{[%clk 0:02:26]} 22. Bb6 {[%clk 0:09:22]} Rd7 {[%clk 0:00:36]} 23. Bf1
{[%clk 0:09:20]} Bxc3 {[%clk 0:00:14]} 24. Rxd7 {[%clk 0:08:44]} Nxd7
{[%clk 0:00:22]} 25. Rxc3 {[%clk 0:08:52]} b4 {[%clk 0:00:30]} 26. axb4
{[%clk 0:08:01]} axb4 {[%clk 0:00:20]} 27. Rc2 {[%clk 0:07:01]} Qe6
{[%clk 0:00:14]} 28. Bc5 {[%clk 0:04:32]} b3 {[%clk 0:00:14]} 29. Rd2
{[%clk 0:04:39]} Ra8 {[%clk 0:00:13]} 30. Rd1 {[%clk 0:02:13]} Ra2
{[%clk 0:00:12]} 31. Bd4 {[%clk 0:01:59]} c5 {[%clk 0:00:12]} 32. Bc3
{[%clk 0:02:04]} Ba6 {[%clk 0:00:20]} 33. Bxa6 {[%clk 0:01:56]} Rxa6
{[%clk 0:00:24]} 34. Qd2 {[%clk 0:02:05]} Ra7 {[%clk 0:00:25]} 35. Qg5
{[%clk 0:01:45]} f6 {[%clk 0:00:24]} 36. Qh5 {[%clk 0:01:51]} c4 {[%clk 0:00:19]}
37. g4 {[%clk 0:01:51]} Nf8 {[%clk 0:00:19]} 38. Qxh3 {[%clk 0:01:43]} Rd7
{[%clk 0:00:19]} 39. Qf1 {[%clk 0:01:43]} Rxd1 {[%clk 0:00:12]} 40. Qxd1
{[%clk 0:01:51]} Ng6 {[%clk 0:00:14]} 41. Qd4 {[%clk 0:01:24]} Ne5
{[%clk 0:00:16]} 42. Kg2 {[%clk 0:01:17]} Nd3 {[%clk 0:00:13]} 43. Kg3
{[%clk 0:01:14]} Qe5+ {[%clk 0:00:13]} 44. Kg2 {[%clk 0:00:16]} Qxd4
{[%clk 0:00:21]} 45. Bxd4 {[%clk 0:00:26]} Nc1 {[%clk 0:00:30]} 46. Kf2
{[%clk 0:00:31]} Na2 {[%clk 0:00:38]} 47. Ke2 {[%clk 0:00:14]} c3
{[%clk 0:00:46]} 48. Kd3 {[%clk 0:00:21]} c2 {[%clk 0:00:52]} 49. Be3
{[%clk 0:00:31]} c1=Q {[%clk 0:00:58]} 50. Bxc1 {[%clk 0:00:40]} Nxc1+
{[%clk 0:01:04]} 51. Kd2 {[%clk 0:00:46]} Na2 {[%clk 0:01:12]} 52. f4
{[%clk 0:00:44]} g5 {[%clk 0:00:53]} 53. fxg5 {[%clk 0:00:44]} fxg5
{[%clk 0:01:02]} 54. Kd3 {[%clk 0:00:51]} Kf7 {[%clk 0:01:05]} 55. Kc4
{[%clk 0:00:25]} Nc1 {[%clk 0:01:13]} 56. Kd5 {[%clk 0:00:34]} Nd3
{[%clk 0:01:09]} 57. Kc4 {[%clk 0:00:43]} Nxb2+ {[%clk 0:00:57]} 58. Kxb3
{[%clk 0:00:51]} Nd1 {[%clk 0:01:02]} 0-1

[Event "Russian Rapid Team Championship (m)"]
[Site "Sochi"]
[Date "2022.10.19"]
[Round "7.11"]
[White "Khubukshanov, Erdem"]
[Black "Timofeev, Artyom"]
[Result "0-1"]
[BlackElo "2560"]
[WhiteElo "2421"]
[LiveChessVersion "1.4.8"]

1. e4 {[%clk 0:15:18]} c5 {[%clk 0:15:17]} 2. Nf3 {[%clk 0:15:26]} Nc6
{[%clk 0:15:25]} 3. Bb5 {[%clk 0:15:26]} d6 {[%clk 0:15:32]} 4. Bxc6+
{[%clk 0:14:00]} bxc6 {[%clk 0:15:40]} 5. O-O {[%clk 0:14:06]} Bg4
{[%clk 0:15:30]} 6. h3 {[%clk 0:14:06]} Bh5 {[%clk 0:15:18]} 7. e5
{[%clk 0:13:46]} e6 {[%clk 0:15:24]} 8. exd6 {[%clk 0:11:33]} Bxd6
{[%clk 0:15:31]} 9. Nc3 {[%clk 0:11:23]} Nf6 {[%clk 0:14:41]} 10. d3
{[%clk 0:11:02]} h6 {[%clk 0:13:57]} 11. Re1 {[%clk 0:10:46]} O-O
{[%clk 0:13:39]} 12. b3 {[%clk 0:10:15]} Nd5 {[%clk 0:12:58]} 13. Bd2
{[%clk 0:08:56]} Re8 {[%clk 0:12:31]} 14. Ne4 {[%clk 0:08:46]} a5
{[%clk 0:11:41]} 15. Qe2 {[%clk 0:07:46]} e5 {[%clk 0:07:50]} 16. Nxd6
{[%clk 0:04:29]} Qxd6 {[%clk 0:07:55]} 17. Qe4 {[%clk 0:04:37]} Bxf3
{[%clk 0:06:35]} 18. Qxf3 {[%clk 0:04:45]} a4 {[%clk 0:06:43]} 19. Qe4
{[%clk 0:04:31]} Nf6 {[%clk 0:04:52]} 20. Qc4 {[%clk 0:04:32]} axb3
{[%clk 0:04:46]} 21. axb3 {[%clk 0:04:08]} Rxa1 {[%clk 0:04:50]} 22. Rxa1
{[%clk 0:04:17]} e4 {[%clk 0:04:55]} 23. Be3 {[%clk 0:03:23]} exd3
{[%clk 0:04:52]} 24. cxd3 {[%clk 0:03:27]} Nd7 {[%clk 0:04:01]} 25. Rd1
{[%clk 0:02:04]} Qd5 {[%clk 0:03:27]} 26. Rc1 {[%clk 0:01:25]} Rb8
{[%clk 0:03:15]} 27. Rc3 {[%clk 0:01:09]} Rb5 {[%clk 0:02:42]} 28. Qa4
{[%clk 0:00:33]} Kh7 {[%clk 0:01:59]} 29. Qa2 {[%clk 0:00:26]} Kg8
{[%clk 0:01:53]} 30. Qc2 {[%clk 0:00:24]} Ra5 {[%clk 0:01:57]} 31. Rc4
{[%clk 0:00:20]} Ne5 {[%clk 0:01:56]} 32. Rxc5 {[%clk 0:00:18]} Rxc5
{[%clk 0:02:04]} 33. Bxc5 {[%clk 0:00:26]} Nxd3 0-1

[Event "Russian Rapid Team Championship (m)"]
[Site "Sochi"]
[Date "2022.10.19"]
[Round "7.12"]
[White "Faizrakhmanov, Ramil"]
[Black "Obgolts, Erik"]
[Result "1/2-1/2"]
[BlackElo "2397"]
[WhiteElo "2475"]
[LiveChessVersion "1.4.8"]

1. d4 {[%clk 0:15:18]} Nf6 {[%clk 0:15:19]} 2. c4 {[%clk 0:15:26]} g6
{[%clk 0:15:12]} 3. Nc3 {[%clk 0:15:34]} Bg7 {[%clk 0:15:20]} 4. e4
{[%clk 0:15:42]} d6 {[%clk 0:15:28]} 5. h3 {[%clk 0:15:51]} O-O {[%clk 0:15:33]}
6. Nf3 {[%clk 0:15:59]} e5 {[%clk 0:15:39]} 7. d5 {[%clk 0:16:08]} Nh5
{[%clk 0:15:07]} 8. g3 {[%clk 0:16:15]} f5 {[%clk 0:15:16]} 9. exf5
{[%clk 0:16:22]} gxf5 {[%clk 0:15:25]} 10. Nh4 {[%clk 0:16:22]} Nf4
{[%clk 0:15:32]} 11. Be3 {[%clk 0:16:03]} Na6 {[%clk 0:14:34]} 12. Qd2
{[%clk 0:14:16]} Bd7 {[%clk 0:11:26]} 13. gxf4 {[%clk 0:13:22]} Qxh4
{[%clk 0:11:19]} 14. Rg1 {[%clk 0:13:04]} Rae8 {[%clk 0:09:30]} 15. O-O-O
{[%clk 0:12:53]} Kh8 {[%clk 0:08:41]} 16. Be2 {[%clk 0:11:58]} Bh6
{[%clk 0:08:18]} 17. Kb1 {[%clk 0:10:20]} Bxf4 {[%clk 0:08:18]} 18. Bxf4
{[%clk 0:10:17]} Qxf4 {[%clk 0:08:26]} 19. Qxf4 {[%clk 0:10:24]} exf4
{[%clk 0:08:34]} 20. Rd4 {[%clk 0:10:24]} Nc5 {[%clk 0:07:45]} 21. Rxf4
{[%clk 0:10:02]} Ne4 {[%clk 0:07:08]} 22. Nxe4 {[%clk 0:09:16]} fxe4
{[%clk 0:07:11]} 23. Rxf8+ {[%clk 0:09:20]} Rxf8 {[%clk 0:07:20]} 24. Bg4
{[%clk 0:09:25]} Bxg4 {[%clk 0:05:38]} 1/2-1/2

[Event "Russian Rapid Team Championship (m)"]
[Site "Sochi"]
[Date "2022.10.19"]
[Round "7.13"]
[White "Savchenko, Boris"]
[Black "Vlasenko, Miroslav"]
[Result "1-0"]
[BlackElo "2312"]
[WhiteElo "2605"]
[LiveChessVersion "1.4.8"]

1. e4 {[%clk 0:15:11]} Nc6 {[%clk 0:15:18]} 2. Nf3 {[%clk 0:15:15]} e5
{[%clk 0:15:27]} 3. Bc4 {[%clk 0:15:17]} Bc5 {[%clk 0:15:34]} 4. c3
{[%clk 0:15:25]} Nf6 {[%clk 0:15:41]} 5. d3 {[%clk 0:15:33]} a6 {[%clk 0:15:40]}
6. Nbd2 {[%clk 0:15:34]} d6 {[%clk 0:15:36]} 7. Bb3 {[%clk 0:15:41]} Ba7
{[%clk 0:15:03]} 8. Nf1 {[%clk 0:15:38]} Be6 {[%clk 0:14:10]} 9. Ng3
{[%clk 0:15:10]} O-O {[%clk 0:12:58]} 10. h3 {[%clk 0:14:59]} h6 {[%clk 0:12:04]}
11. Qe2 {[%clk 0:14:02]} d5 {[%clk 0:10:46]} 12. Nh4 {[%clk 0:13:52]} Na5
{[%clk 0:10:09]} 13. Bc2 {[%clk 0:13:56]} Qd7 {[%clk 0:07:53]} 14. Nhf5
{[%clk 0:10:19]} dxe4 {[%clk 0:06:14]} 15. dxe4 {[%clk 0:10:23]} Kh7
{[%clk 0:05:57]} 16. Qf3 {[%clk 0:05:56]} Bxf5 {[%clk 0:03:27]} 17. Nxf5
{[%clk 0:06:00]} Qe6 {[%clk 0:02:37]} 18. g4 {[%clk 0:04:56]} Ng8
{[%clk 0:02:28]} 19. h4 {[%clk 0:04:07]} g6 {[%clk 0:02:15]} 20. Ne3
{[%clk 0:03:49]} b5 {[%clk 0:01:53]} 21. b4 {[%clk 0:03:15]} Nc4 {[%clk 0:01:38]}
22. Nxc4 {[%clk 0:03:00]} bxc4 {[%clk 0:01:41]} 23. g5 {[%clk 0:02:59]} h5
{[%clk 0:01:41]} 24. Be3 {[%clk 0:03:01]} a5 {[%clk 0:01:27]} 25. b5
{[%clk 0:02:59]} a4 {[%clk 0:01:22]} 26. Rb1 {[%clk 0:02:27]} Rfd8
{[%clk 0:01:15]} 27. Ke2 {[%clk 0:01:26]} Bxe3 {[%clk 0:01:12]} 28. Kxe3
{[%clk 0:01:31]} Ne7 {[%clk 0:01:02]} 29. Rhd1 {[%clk 0:01:33]} a3
{[%clk 0:01:02]} 30. Ke2 {[%clk 0:01:21]} Kg7 {[%clk 0:00:52]} 31. Kf1
{[%clk 0:01:16]} Kg8 {[%clk 0:00:54]} 32. Ke1 {[%clk 0:01:20]} Kg7
{[%clk 0:00:59]} 33. Rd2 {[%clk 0:01:17]} Rxd2 {[%clk 0:01:06]} 34. Kxd2
{[%clk 0:01:25]} Nc8 {[%clk 0:01:11]} 35. Bd1 {[%clk 0:01:19]} Nd6
{[%clk 0:01:09]} 36. Kc2 {[%clk 0:00:55]} Rf8 {[%clk 0:01:05]} 37. b6
{[%clk 0:01:00]} f5 {[%clk 0:00:42]} 38. gxf6+ {[%clk 0:00:57]} Rxf6
{[%clk 0:00:49]} 39. Qe3 {[%clk 0:01:02]} cxb6 {[%clk 0:00:53]} 40. Rxb6
{[%clk 0:01:09]} Qd7 {[%clk 0:00:55]} 41. f3 {[%clk 0:00:57]} Nxe4
{[%clk 0:00:46]} 42. Rxf6 {[%clk 0:00:59]} Nxf6 {[%clk 0:00:43]} 43. Qxe5
{[%clk 0:01:05]} Qd3+ {[%clk 0:00:39]} 44. Kc1 {[%clk 0:01:13]} Qd7
{[%clk 0:00:25]} 45. Be2 {[%clk 0:01:11]} Qb7 {[%clk 0:00:26]} 46. Bxc4
{[%clk 0:01:10]} Qxf3 {[%clk 0:00:28]} 47. Qe7+ {[%clk 0:01:16]} Kh6
{[%clk 0:00:37]} 48. Qf8+ {[%clk 0:01:25]} Kh7 {[%clk 0:00:41]} 49. Bg8+
{[%clk 0:01:33]} 1-0